| 000 | 00498nam a22001577a 4500 | ||
|---|---|---|---|
| 005 | 20180122130115.0 | ||
| 008 | 180122b xxu||||| |||| 00| 0 eng d | ||
| 020 | _a9789698267247 | ||
| 040 | _cPK-LaUMT | ||
| 082 |
_aPKAC 070.44 _bANS-E |
||
| 100 | _aAnsar Mahmood Bhatti | ||
| 245 |
_aEuropean Union Nae alami taqat(یورپین یونین نی عالمی طاقت) _cAnsar Mahmood Bhatti |
||
| 260 |
_aاسلام آباد: _bعکاس پبلیکیشنز، _c2009 |
||
| 300 | _a342 | ||
| 942 | _cBK | ||
| 999 |
_c101956 _d101956 |
||